000 01778nam a2200397 i 4500
001 768714001
003 CO-MdFUSB
005 20250801094800.0
006 a|||||r|||| 00| 0
007 ta
007 cr au aaaaa
008 190529s2018 ck a|||g |||| 00| 0 spa d
020 _a9789585695474
040 _aCO-MdFUSB
_bspa
_cCO-MdFUSB
_dCO-MdFUSBC
_erda
041 _aspa
082 _224
_aG 261
_bF288i
245 1 0 _aIglesia, política y desplazamiento
_b: Currículo para personas en situación de desplazamiento
_c/ Robert W. Heimburger , David López Amaya , Guillermo Mejía Castillo , Fernando Abilio Mosquera Brand , y Duberney Rojas Seguro.
264 1 _aMedellín, Colombia :
_bPublicaciones SBC,
_c℗[2018]
264 4 _c©2018
300 _a86 páginas ;
_c28 cm :
_bilustraciones.
336 _2rdacontent
_atexto
_btxt
337 _2rdamedia
_asin mediación
_bn
337 _2rdamedia
_ainformático
_bc
338 _2rdacarrier
_aremoto
_bnr
490 1 _aFe y desplazamiento
505 _aIntroducción -- Yo puedo hacer política de la buena -- Mapa histórico del presente y del futuro de las personas en situación de desplazamiento -- La política: Una introducción a sus elementos básicos -- Manifestaciones sociales de la justicia -- Perdón y política: Una lectura popular de Mateo 18: 21-35 -- Algunas sugerencias de seguimiento.
563 _aRústico.
650 0 _91177
_aIglesia y problemas sociales
653 _aDesplazamiento -- Cristianismo -- Colombia.
720 _aAsesora pedagógica: Leonela Orozco
830 _aFe y desplazamiento
_p: Interacción con el sector público
856 _uhttps://repositorio.repci.co/handle/123456789/306
942 _cBK
945 _aANF-558
999 _c65085
_d65085